Normal view
MARC view
- गगनगास आणि येवले
Entry Personal Name
001 - CONTROL NUMBER
- control field: 52152
003 - CONTROL NUMBER IDENTIFIER
- control field: OSt
005 - DATE AND TIME OF LATEST TRANSACTION
- control field: 20220806104106.0
008 - FIXED-LENGTH DATA ELEMENTS
- fixed length control field: 220806|| aca||aabn | a|a d
040 ## - CATALOGING SOURCE
- Original cataloging agency: OSt
- Transcribing agency: OSt
100 ## - HEADING--PERSONAL NAME
- Personal name: गगनगास आणि येवले
670 ## - SOURCE DATA FOUND
- Source citation: Work cat.: (OSt)30295: गगनगास आणि येवले., समाजशास्त्रचा परिचय, 2008